000 00641nam a22002057a 4500
999 _c13958
_d13958
003 AR-CdUCM
008 190417b ||||| |||| 00| 0 spa d
040 _aMUNICIPALIDAD PROVINCIAL DEL CUSCO
_cBIBLIOTECA MUNICIPAL DEL CUSCO
082 _a865.3 /
_bM43
100 _aMercado, Guillermo
_9952
245 _aEl hombre en mi canción :
_bPoemas /
260 _aArequipa :
_c1952.
300 _a107 paginas ;
_bilustraciones,
_c21 cm.
500 _aDedicatoria a Luis Nieto Donación de la familia Nieto
650 _aPoemas
_9929
650 _aLiteratura
_983
650 _aSiglo XX
_98
942 _2ddc
_cLIBROS
945 _apjha
_d2019-04-17